| 000 | 00424 a2200145 4500 | ||
|---|---|---|---|
| 005 | 20250522065203.0 | ||
| 020 | _a0-314-62972-6 | ||
| 082 | _a658.5 VON | ||
| 100 | _aVONDEREMBSE, M. A. | ||
| 245 | _aOperations Management : Concepts, Methods and Strategies. | ||
| 260 |
_aNew York, _bWest _c1988. |
||
| 300 |
_axx, 863p.: ill.; picture _bBibliographical References & Index _c26cm. |
||
| 700 | _aWHITE, G. P. | ||
| 942 |
_2ddc _cBKS |
||
| 999 |
_c2496 _d2496 |
||